Casos de paludismo determinados por traumatismos simples (ordinarios) ó quirúrgicos (reglados) / (Record no. 164015)

MARC details
000 -LEADER
campo de control de longitud fija 00721nam a2200169 i 4500
001 - NÚMERO DE CONTROL
campo de control 164015
003 - IDENTIFICADOR DE NÚMERO DE CONTROL
campo de control ES-MaACL
005 - FECHA Y HORA DE LA ÚLTIMA TRANSACCIÓN
campo de control 20230906212845.0
008 - DATOS DE LONGITUD FIJA--INFORMACIÓN GENERAL
campo de control de longitud fija 021112s1890 sp |||| | spa d
040 ## - FUENTE DE CATALOGACIÓN
Centro catalogador/agencia de origen CCPB | B
Lengua de catalogación spa
Centro/agencia transcriptor CCPB | B
100 1# - ENTRADA PRINCIPAL--NOMBRE DE PERSONA
Nombre de persona Roura Barrio, Benito.
9 (RLIN) 132104
245 10 - MENCIÓN DEL TÍTULO
Título Casos de paludismo determinados por traumatismos simples (ordinarios) ó quirúrgicos (reglados) /
Mención de responsabilidad, etc. tesis presentada por Benito Roura Barrios.
260 ## - PUBLICACIÓN, DISTRIBUCIÓN, ETC.
Lugar de publicación, distribución, etc. Barcelona :
Nombre del editor, distribuidor, etc. [s.n.],
Fecha de publicación, distribución, etc. 1890 (
Fabricante tipografía "La academia" de Viuda e Hijos de E. Ullastres y C\pa\s)
300 ## - DESCRIPCIÓN FÍSICA
Extensión 31 p. ;
Dimensiones 21 cm.
650 #4 - PUNTO DE ACCESO ADICIONAL DE MATERIA--TÉRMINO DE MATERIA
Término de materia o nombre geográfico como elemento de entrada Malaria.
9 (RLIN) 136452
852 ## - LOCALIZACIÓN
Ubicación ES-MaACL
Número de control de estantería T-528-F-8
Nota libre -- Enc. hol., conservando la enc. original
-- -- Enc. en un vol. facticio
Holdings
Estatus retirado Estado de pérdida Estado de daño No para préstamo Colección Biblioteca de origen Biblioteca actual Ubicación en estantería Fecha de adquisición Total de préstamos Signatura topográfica completa Código de barras Visto por última vez Precio de reemplazo Tipo de ítem Koha
        Colección de folletos Biblioteca del Ateneo de Madrid Biblioteca del Ateneo de Madrid Depósito folletos 17/01/2008   T-528-F-8 1171898 23/02/2023 23/02/2023 Folleto